[Event "FRA-chT Top 12"]
[Site "Drancy"]
[Date "2016.06.01"]
[Round "5.5"]
[White "McClain, Dylan"]
[Black "Tregubov, Pavel V"]
[Result "0-1"]
[WhiteElo "2312"]
[BlackElo "2593"]
[PlyCount "124"]
[EventDate "2016.05.28"]
[EventType "team-tourn"]
[EventRounds "11"]
[EventCountry "FRA"]
[SourceTitle "CBM 172 Extra"]
[Source "ChessBase"]
[SourceDate "2016.06.21"]
[SourceVersion "1"]
[SourceVersionDate "2016.06.21"]
[SourceQuality "1"]
[WhiteTeam "Drancy Cavalier Bleu"]
[BlackTeam "Clichy Echecs 92"]
[WhiteTeamCountry "FRA"]
[BlackTeamCountry "FRA"]

1. c4 c5 2. Nf3 Nc6 3. d4 cxd4 4. Nxd4 e6 5. Nc3 Bb4 6. Ndb5 Nf6 7. a3 Bxc3+ 8. Nxc3 d5 9. e3 0-0 10. Be2 Ne5 11. cxd5 exd5 12. 0-0 a6 13. b3 Qd6 14. h3 Bf5 15. Bb2 Rad8 16. Qd2 Rfe8 17. Rad1 Qb6 18. b4 Nc4 19. Qc1 Rc8 20. Qa1 Qc6 21. Rc1 b5 22. Rfd1 Red8 23. Bf3 Ne4 24. Bxe4 dxe4 25. Ne2 f6 26. Bd4 Bg6 27. Nf4 Bf7 28. h4 Qe8 29. Kh2 Ra8 30. Qc3 a5 31. Ra1 h5 32. bxa5 Rxa5 33. Rdb1 Qc6 34. Qb4 Qc7 35. g3 Rda8 36. Ne2 Nxa3 37. Rc1 Nc4 38. Rxa5 Qxa5 39. Qxa5 Rxa5 40. Nc3 b4 41. Nxe4 b3 42. Rb1 b2 43. Kg2 Bg6 44. f3 Rb5 45. Kf2 Rb3 46. Ke2 Kf7 47. Nd6+ Nxd6 48. Rxb2 Bd3+ 49. Kf2 Rxb2+ 50. Bxb2 f5 51. Bd4 g6 52. Ke1 Ke6 53. Kd2 Ba6 54. Ba7 Nc4+ 55. Ke1 Ne5 56. Kf2 Bb7 57. e4 fxe4 58. fxe4 Bxe4 59. Ke3 Kf5 60. Bb8 Ng4+ 61. Ke2 Bc6 62. Kd3 Nf6 0-1